| 000 | 00985nam a2200265 a 4500 | ||
|---|---|---|---|
| 001 | BRCA_1537 | ||
| 005 | 20190320203450.0 | ||
| 008 | 970616s1986 mx-a---##b---#001-0dspa-# | ||
| 020 | _a9687037202 | ||
| 040 |
_aDLC _cDLC _dDLC |
||
| 041 | _aengspa | ||
| 050 | 4 |
_aND259.A5 _b.A54 1986 |
|
| 100 | 1 |
_aAnguiano, Raúl _d1915- _94955 |
|
| 245 | 1 | 0 | _aEn la pintura de Raúl Anguiano. |
| 260 |
_aMéxico _bEdiciones de Comunicacíon _c1986 |
||
| 300 |
_a175 p. _bil. (algunas a color) _c29 cm. _e1 hoja suelta firmada por Raúl Anguiano |
||
| 500 | _aIncluye el texto, ´Del cuerpo y los simbolos´, por José Pascual Buxó | ||
| 500 | _aIncluye anexo en inglés e índice de obras | ||
| 504 | _aBibliografia: p. [151-152] | ||
| 600 | 1 | 4 |
_aAnguiano, Raúl _d1915- _vCatálogos _94956 |
| 650 | 1 | 4 |
_aFigura humana en el Arte _vCatálogos _94957 |
| 650 | 1 | 4 |
_aSimbolismo en el arte _vCatálogos _94958 |
| 700 | 1 |
_aBuxó, José Pascual _d1931- _tDel cuerpo y los simbolos _94959 |
|
| 942 |
_2lcc _cB |
||
| 999 |
_c1384 _d1384 |
||